Berkeley Physics Courcse Mechanics(Vol 1) in SI Units (Record no. 531355)

000 -LEADER
fixed length control field 00452nam a2200133Ia 4500
008 - FIXED-LENGTH DATA ELEMENTS--GENERAL INFORMATION
fixed length control field 191014s9999 xx 000 0 und d
020 ## - INTERNATIONAL STANDARD BOOK NUMBER
International Standard Book Number 978-0-07-070213-4
082 ## - DEWEY DECIMAL CLASSIFICATION NUMBER
Classification number 530.1
Author Mark KIT
100 ## - MAIN ENTRY--PERSONAL NAME
Personal name Carles Kittel, Walter D Knight, Malvin A Ruderman, Carl A Hemholz, Burton J Moyer
9 (RLIN) 23836
245 #0 - TITLE STATEMENT
Title Berkeley Physics Courcse Mechanics(Vol 1) in SI Units
260 ## - PUBLICATION, DISTRIBUTION, ETC.
Place of publication, distribution, etc. India
Name of publisher, distributor, etc. McGraw hill Education Private Ltd
Date of publication, distribution, etc. 2011
300 ## - PHYSICAL DESCRIPTION
Extent Xix,451
942 ## - ADDED ENTRY ELEMENTS (KOHA)
Koha item type Book
Holdings
Withdrawn status Lost status Damaged status Not for loan Permanent Location Current Location Date acquired Source of acquisition Cost, normal purchase price Total Checkouts Total Renewals Full call number Barcode Date last seen Date last checked out Price effective from Koha item type
        School of Natural Sciences (SNS) School of Natural Sciences (SNS) 10/15/2019 World Book Co. 2432.04 2 1 530.1KIT SNS0003132 02/14/2025 01/15/2025 10/15/2019 Book
© 2023 Central Library, National University of Sciences and Technology. All Rights Reserved.